[Event "Oberliga Sued W 2122"]
[Site "Germany"]
[Date "2022.05.15"]
[Round "3.4"]
[White "Schmidt, Justus"]
[Black "Hauer, Andreas"]
[Result "1-0"]
[WhiteElo "2160"]
[BlackElo "1913"]
[PlyCount "63"]
[EventDate "2021.10.24"]
[EventType "team-tourn"]
[EventRounds "9"]
[EventCountry "GER"]
[SourceTitle "EXT 2023"]
[Source "ChessBase"]
[SourceDate "2022.10.05"]
[SourceVersion "1"]
[SourceVersionDate "2022.10.05"]
[SourceQuality "1"]
[WhiteTeam "Landau"]
[BlackTeam "Illingen Turm"]
[WhiteTeamCountry "GER"]
[BlackTeamCountry "GER"]

1. e4 c5 2. Nf3 e6 3. d3 Nc6 4. g3 g6 5. Bg2 Bg7 6. 0-0 Nge7 7. c3 0-0 8. Re1 d6 9. d4 cxd4 10. cxd4 d5 11. e5 Nf5 12. Nc3 a6 13. b3 b5 14. Bf4 h6 15. h4 Bd7 16. Qd2 Kh7 17. Bf1 f6 18. Kg2 fxe5 19. dxe5 Rc8 20. Rac1 Qe7 21. Bd3 Qb4 22. Bb1 Ncd4 23. Nxd4 Qxd4 24. Qxd4 Nxd4 25. h5 Be8 26. Red1 Nf5 27. Ne2 Rxc1 28. Rxc1 gxh5 29. Nd4 Bd7 30. Rc7 Rf7 31. Nxf5 exf5 32. Rxd7 1-0

[Event "Oberliga Sued W 2122"]
[Site "Germany"]
[Date "2022.03.13"]
[Round "7.5"]
[White "Telke, Holger"]
[Black "Hauer, Andreas"]
[Result "1/2-1/2"]
[WhiteElo "2081"]
[BlackElo "1913"]
[PlyCount "85"]
[EventDate "2021.10.24"]
[EventType "team-tourn"]
[EventRounds "9"]
[EventCountry "GER"]
[SourceTitle "EXT 2023"]
[Source "ChessBase"]
[SourceDate "2022.10.05"]
[SourceVersion "1"]
[SourceVersionDate "2022.10.05"]
[SourceQuality "1"]
[WhiteTeam "Altenkirchen"]
[BlackTeam "Illingen Turm"]
[WhiteTeamCountry "GER"]
[BlackTeamCountry "GER"]

1. d4 d5 2. Nf3 Nf6 3. e3 e6 4. Bd3 c5 5. c3 Bd6 6. Nbd2 Nc6 7. 0-0 0-0 8. dxc5 Bxc5 9. e4 dxe4 10. Nxe4 Be7 11. Qe2 e5 12. Rd1 Qc7 13. Nfg5 h6 14. Nxf6+ Bxf6 15. Nh7 Re8 16. Nxf6+ gxf6 17. Bxh6 e4 18. Bxe4 Qe5 19. Re1 Bf5 20. Qh5 Bg6 21. Qh4 f5 22. f4 Qe7 23. Bg5 Qc5+ 24. Kh1 fxe4 25. Re3 f6 26. Qh6 Kf7 27. Bxf6 Kxf6 28. f5 Qxf5 29. Rg3 Ne5 30. Kg1 Rh8 31. Qe3 Kg7 32. Rg5 Qf6 33. Rf1 Qe6 34. Qxe4 Rae8 35. Rff5 Nf3+ 36. Qxf3 Qe1+ 37. Qf1 Qe3+ 38. Qf2 Qc1+ 39. Qf1 Re1 40. Rf7+ Kh6 41. Rxg6+ Kxg6 42. Rf6+ Kg5 43. Rf5+ 1/2-1/2

[Event "Oberliga Sued W 2122"]
[Site "Germany"]
[Date "2021.11.14"]
[Round "2.6"]
[White "Hauer, Andreas"]
[Black "Busche, Stefan"]
[Result "0-1"]
[WhiteElo "1913"]
[BlackElo "2071"]
[PlyCount "116"]
[EventDate "2021.10.24"]
[EventType "team-tourn"]
[EventRounds "9"]
[EventCountry "GER"]
[SourceTitle "EXT 2023"]
[Source "ChessBase"]
[SourceDate "2022.10.05"]
[SourceVersion "1"]
[SourceVersionDate "2022.10.05"]
[SourceQuality "1"]
[WhiteTeam "Illingen Turm"]
[BlackTeam "Saarbruecken"]
[WhiteTeamCountry "GER"]
[BlackTeamCountry "GER"]

1. e4 c5 2. Nf3 e6 3. d3 Nc6 4. g3 g6 5. Bg2 Bg7 6. 0-0 Nge7 7. c3 d5 8. Qe2 0-0 9. Re1 b6 10. h4 h6 11. e5 a5 12. Bf4 Ba6 13. Nbd2 Ra7 14. Nf1 Rd7 15. N1h2 b5 16. Qd2 d4 17. c4 bxc4 18. dxc4 Nf5 19. Ng4 Bxc4 20. Nxh6+ Nxh6 21. Bxh6 Bd5 22. Bxg7 Kxg7 23. Nh2 Bxg2 24. Kxg2 Rb7 25. Ng4 Rh8 26. b3 a4 27. Rab1 axb3 28. axb3 Qd5+ 29. Kg1 Qf3 30. Nh2 Qh5 31. f4 Rhb8 32. Qc2 Qf5 33. Qxc5 Rxb3 34. Rxb3 Rxb3 35. Nf1 Rc3 36. Qb6 Qh3 37. Qb2 Ne7 38. Qg2 Qg4 39. Qe2 Rxg3+ 40. Nxg3 Qxg3+ 41. Kf1 Nf5 42. Qf2 Qh3+ 43. Ke2 Qc3 44. Kf1 Ne3+ 45. Ke2 Qc4+ 46. Kf3 Nf5 47. Kg4 Qd3 48. h5 Ne3+ 49. Kh4 Qf5 50. Rxe3 Qxh5+ 51. Kg3 dxe3 52. Qxe3 Qf5 53. Qd2 g5 54. fxg5 Qxe5+ 55. Kh4 Qe4+ 56. Kh5 Qh7+ 57. Kg4 Qf5+ 58. Kh5 Qh3# 0-1

[Event "Oberliga Sued W 1920"]
[Site "Germany"]
[Date "2020.03.01"]
[Round "7.6"]
[White "Grewenig, Jan"]
[Black "Hauer, Andreas"]
[Result "1/2-1/2"]
[WhiteElo "2114"]
[BlackElo "1928"]
[PlyCount "72"]
[EventDate "2019.09.29"]
[EventType "team-tourn"]
[EventRounds "9"]
[EventCountry "GER"]
[SourceTitle "EXT 2021"]
[Source "ChessBase"]
[SourceDate "2020.10.23"]
[SourceVersion "1"]
[SourceVersionDate "2020.10.23"]
[SourceQuality "1"]

1. e4 b6 2. d4 Bb7 3. Bd3 e6 4. Qe2 d5 5. e5 c5 6. c3 Ne7 7. f4 Qc8 8. Be3 Nec6 9. Nf3 Ba6 10. f5 Bxd3 11. Qxd3 cxd4 12. Bxd4 Qa6 13. Qc2 Nd7 14. fxe6 fxe6 15. Ng5 Nxd4 16. cxd4 Rc8 17. Nc3 b5 18. Qf2 Rc6 19. 0-0 Nxe5 20. Nxh7 Be7 21. Rae1 Rxh7 22. Rxe5 g6 23. Nxd5 exd5 24. Qf8+ Kd7 25. Qg8 Rf6 26. Rxf6 Qxf6 27. Qxh7 Kd6 28. Qxe7+ Qxe7 29. Rxe7 Kxe7 30. h4 Kf6 31. g4 g5 32. h5 a5 33. Kf2 Kg7 34. Ke3 Kf7 35. Kd3 Kf6 36. Kc3 Kg7 1/2-1/2

[Event "Rheinland Pfalz op 10th"]
[Site "Nickenich"]
[Date "2018.06.01"]
[Round "4"]
[White "Hauer, Andreas"]
[Black "Busch, Lorenz"]
[Result "1-0"]
[WhiteElo "1942"]
[BlackElo "2089"]
[PlyCount "63"]
[EventDate "2018.05.31"]
[EventType "swiss"]
[EventRounds "7"]
[EventCountry "GER"]
[SourceTitle "EXT 2019"]
[Source "ChessBase"]
[SourceDate "2018.10.10"]
[SourceVersion "1"]
[SourceVersionDate "2018.10.10"]
[SourceQuality "1"]

1. c4 e6 2. Nc3 d5 3. cxd5 exd5 4. d4 Nf6 5. Bg5 Be7 6. e3 Nbd7 7. Bd3 0-0 8. Nge2 Re8 9. 0-0 Nf8 10. f3 Ne6 11. Bh4 c6 12. Qc2 g6 13. Kh1 Nh5 14. Bf2 Bg5 15. Rae1 f5 16. f4 Be7 17. Ng1 Nf6 18. Nf3 Ne4 19. Bxe4 fxe4 20. Ne5 Ng7 21. Rc1 Nf5 22. Rg1 Bd6 23. Ne2 Nh6 24. h3 Nf5 25. Qd2 Qe7 26. a3 Be6 27. Qe1 Qg7 28. g4 Qh6 29. Kh2 Bxe5 30. dxe5 Ng7 31. Nd4 Kh8 32. Bh4 1-0

[Event "Oberliga Sued W 1718"]
[Site "Germany"]
[Date "2018.02.25"]
[Round "9.8"]
[White "Hauer, Andreas"]
[Black "Thomas, Anysia"]
[Result "0-1"]
[WhiteElo "1946"]
[BlackElo "2069"]
[PlyCount "112"]
[EventDate "2017.09.10"]
[EventType "team-tourn"]
[EventRounds "11"]
[EventCountry "GER"]
[SourceTitle "EXT 2019"]
[Source "ChessBase"]
[SourceDate "2018.10.10"]
[SourceVersion "1"]
[SourceVersionDate "2018.10.10"]
[SourceQuality "1"]
[WhiteTeam "Illingen Turm"]
[BlackTeam "Saarbruecken SVG"]
[WhiteTeamCountry "GER"]
[BlackTeamCountry "GER"]

1. c4 g6 2. Nc3 c5 3. e4 Bg7 4. g3 Nc6 5. Bg2 e6 6. Nge2 Nge7 7. 0-0 0-0 8. d3 b6 9. Rb1 Bb7 10. Be3 Ne5 11. h3 d5 12. cxd5 exd5 13. Bg5 f6 14. Bc1 dxe4 15. dxe4 Qxd1 16. Rxd1 Rad8 17. Nd5 Nxd5 18. exd5 Rfe8 19. Nc3 Nc4 20. b3 Nd6 21. Bf4 f5 22. Bxd6 Bxc3 23. Bc7 Rd7 24. d6 Bxg2 25. Kxg2 Re2 26. a4 Bd4 27. Rf1 Kf7 28. Rbd1 Kf6 29. Rd3 Ke6 30. Kf3 Re4 31. Rfd1 Be5 32. Kg2 Rd4 33. Rxd4 cxd4 34. a5 b5 35. Kf3 Bxd6 36. Bxd6 Rxd6 37. Re1+ Kd5 38. Re7 Ra6 39. Rxh7 Rxa5 40. Rg7 Ra6 41. h4 Re6 42. Rh7 a6 43. Rc7 Rc6 44. Rd7+ Kc5 45. Ke2 Kb4 46. Rxd4+ Kxb3 47. f3 b4 48. g4 fxg4 49. fxg4 a5 50. h5 gxh5 51. gxh5 a4 52. Rd3+ Kb2 53. Rd4 Ka3 54. Rh4 b3 55. h6 b2 56. h7 Rc8 0-1

[Event "Oberliga Sued W 1516"]
[Site "Germany"]
[Date "2016.01.17"]
[Round "5.8"]
[White "Loef, Dirk"]
[Black "Hauer, Andreas"]
[Result "1-0"]
[WhiteElo "2113"]
[BlackElo "1959"]
[PlyCount "145"]
[EventDate "2015.09.20"]
[EventType "team-tourn"]
[EventRounds "9"]
[EventCountry "GER"]
[SourceTitle "CBM 170 Extra"]
[Source "ChessBase"]
[SourceDate "2016.02.25"]
[SourceVersion "1"]
[SourceVersionDate "2016.02.25"]
[SourceQuality "1"]
[WhiteTeam "Heidesheim"]
[BlackTeam "Illingen Turm"]
[WhiteTeamCountry "GER"]
[BlackTeamCountry "GER"]

1. e4 c5 2. Nf3 e6 3. Nc3 Nc6 4. d4 cxd4 5. Nxd4 Qc7 6. Be2 a6 7. 0-0 Nf6 8. Be3 Bb4 9. Bf3 Ne5 10. a3 Be7 11. Be2 h5 12. h3 d6 13. f4 Nc4 14. Bxc4 Qxc4 15. Qf3 e5 16. fxe5 dxe5 17. Nf5 Bxf5 18. Qxf5 Qe6 19. Rad1 Qxf5 20. Rxf5 Nd7 21. Nd5 Rc8 22. Rf2 Bc5 23. Rfd2 Bxe3+ 24. Nxe3 Rc7 25. Nd5 Rc8 26. Ne7 Rc7 27. Nf5 g6 28. Nd6+ Ke7 29. Nxf7 Rf8 30. Ng5 Rf6 31. Nf3 Nc5 32. Rd5 Nxe4 33. Re1 Nd6 34. Nxe5 Kf8 35. c4 Kg7 36. c5 Nf5 37. b4 Re7 38. Rd7 Rfe6 39. Rxe7+ Rxe7 40. Kf2 Kf6 41. Nc4 Rd7 42. g4 hxg4 43. hxg4 Nd4 44. Rd1 Ke6 45. Rd2 Nc6 46. Rxd7 Kxd7 47. Ke3 Ke6 48. Ke4 g5 49. Na5 Ne5 50. Nxb7 Nxg4 51. Nd8+ Kd7 52. Nf7 Nf2+ 53. Ke3 Nh3 54. Ke4 Kc7 55. Kf5 g4 56. Kxg4 Nf2+ 57. Kf3 Nd3 58. Ke3 Ne1 59. Kd2 Ng2 60. Ne5 Nf4 61. Kc3 Ng2 62. a4 Ne3 63. b5 axb5 64. axb5 Nd5+ 65. Kd4 Nf6 66. Nc4 Nd7 67. Na5 Nf6 68. Ke5 Nd7+ 69. Kd4 Nf6 70. b6+ Kc8 71. c6 Ne8 72. Ke5 Ng7 73. Nb7 1-0

[Event "Hofheim Spring op-A 3rd"]
[Site "Hofheim"]
[Date "2015.04.10"]
[Round "6"]
[White "Hauer, Andreas"]
[Black "Kopp, Peter"]
[Result "1-0"]
[WhiteElo "1973"]
[BlackElo "2054"]
[PlyCount "115"]
[EventDate "2015.04.07"]
[EventType "swiss"]
[EventRounds "9"]
[EventCountry "GER"]
[SourceTitle "CBM 166 Extra"]
[Source "ChessBase"]
[SourceDate "2015.06.18"]
[SourceVersion "1"]
[SourceVersionDate "2015.06.18"]
[SourceQuality "1"]

1. c4 Nf6 2. Nc3 e5 3. Nf3 Nc6 4. d4 exd4 5. Nxd4 d6 6. Nxc6 bxc6 7. g3 Be6 8. Bg2 Qd7 9. Qa4 d5 10. Bg5 Be7 11. Rd1 Rd8 12. e4 0-0 13. 0-0 h6 14. Bxf6 Bxf6 15. exd5 cxd5 16. Qxd7 Rxd7 17. cxd5 Bg4 18. Rd2 Rfd8 19. h3 Bf5 20. Rfd1 Be7 21. Nb5 Bc5 22. Nd4 Bxd4 23. Rxd4 Be6 24. Rc1 Bxd5 25. Bxd5 Rxd5 26. Rxd5 Rxd5 27. Rxc7 Rd2 28. Rxa7 Rxb2 29. h4 g5 30. hxg5 hxg5 31. Kg2 Kg7 32. a4 Ra2 33. Kf3 Kg6 34. Ra6+ f6 35. g4 Ra3+ 36. Ke4 Rb3 37. Rd6 Rb2 38. f3 Ra2 39. Rd4 Ra3 40. f4 gxf4 41. Kxf4 Ra1 42. Ke4 Re1+ 43. Kd5 f5 44. gxf5+ Kxf5 45. Kc5 Rc1+ 46. Kb6 Ke5 47. Rd2 Rb1+ 48. Ka6 Rb8 49. a5 Rb1 50. Ka7 Rb3 51. a6 Rb1 52. Rd7 Rb2 53. Rb7 Ra2 54. Rb6 Rh2 55. Kb7 Rh7+ 56. Kc6 Rh6+ 57. Kb5 Rh1 58. a7 1-0

[Event "Rheinland Pfalz op 6th"]
[Site "Gau Algesheim"]
[Date "2014.06.21"]
[Round "4"]
[White "Hauer, Andreas"]
[Black "Haag, Martin"]
[Result "1/2-1/2"]
[WhiteElo "1985"]
[BlackElo "2304"]
[PlyCount "25"]
[EventDate "2014.06.19"]
[EventType "swiss"]
[EventRounds "7"]
[EventCountry "GER"]
[SourceTitle "CBM 161 Extra"]
[Source "ChessBase"]
[SourceDate "2014.08.29"]
[SourceVersion "1"]
[SourceVersionDate "2014.08.29"]
[SourceQuality "1"]

1. c4 Nf6 2. Nc3 c5 3. Nf3 e6 4. d4 cxd4 5. Nxd4 d5 6. cxd5 Nxd5 7. Nxd5 Qxd5 8. e3 a6 9. Qc2 Bd7 10. Bd2 Nc6 11. Nxc6 Bxc6 12. Bc3 Rd8 13. h4 1/2-1/2

[Event "Rheinland Pfalz op 6th"]
[Site "Gau Algesheim"]
[Date "2014.06.19"]
[Round "2"]
[White "Hauer, Andreas"]
[Black "Wilk, David"]
[Result "1-0"]
[WhiteElo "1985"]
[BlackElo "1471"]
[PlyCount "113"]
[EventDate "2014.06.19"]
[EventType "swiss"]
[EventRounds "7"]
[EventCountry "GER"]
[SourceTitle "CBM 161 Extra"]
[Source "ChessBase"]
[SourceDate "2014.08.29"]
[SourceVersion "1"]
[SourceVersionDate "2014.08.29"]
[SourceQuality "1"]

1. c4 g6 2. Nc3 Bg7 3. e4 d6 4. g3 e5 5. Bg2 Ne7 6. Nge2 0-0 7. 0-0 Be6 8. d3 Nbc6 9. a3 f5 10. Nd5 Qc8 11. Rb1 fxe4 12. dxe4 Bg4 13. f3 Bd7 14. Be3 Rf7 15. Qd2 Nxd5 16. cxd5 Ne7 17. Rbc1 Bb5 18. Rfe1 Bxe2 19. Rxe2 Qd7 20. Qd1 c5 21. dxc6 Nxc6 22. Rd2 Rd8 23. Bf1 Kh8 24. Bc4 Rff8 25. Bb5 h6 26. Rdc2 Rc8 27. Kg2 a6 28. Bxc6 Rxc6 29. Rxc6 bxc6 30. Qa4 Qb7 31. b4 Rc8 32. Qd1 Rd8 33. Qd2 g5 34. h4 gxh4 35. Bxh6 Kh7 36. Bg5 h3+ 37. Kxh3 Qd7+ 38. Kg2 Rf8 39. Qc3 Qf7 40. Rh1+ Kg6 41. Bd2 Qa2 42. Ra1 Qf7 43. Qe3 Qf6 44. Rh1 Qd8 45. Qe2 Rh8 46. Rxh8 Qxh8 47. Qxa6 Qe8 48. a4 d5 49. b5 Kh7 50. Qxc6 Qe7 51. Qxd5 Qa3 52. a5 Qa4 53. a6 Qd1 54. Be3 Qc2+ 55. Bf2 Bh6 56. Qc5 Qa2 57. a7 1-0

[Event "Rheinland Pfalz op 6th"]
[Site "Gau Algesheim"]
[Date "2014.06.19"]
[Round "1"]
[White "Marx, Christina"]
[Black "Hauer, Andreas"]
[Result "0-1"]
[WhiteElo "1561"]
[BlackElo "1985"]
[PlyCount "68"]
[EventDate "2014.06.19"]
[EventType "swiss"]
[EventRounds "7"]
[EventCountry "GER"]
[SourceTitle "CBM 161 Extra"]
[Source "ChessBase"]
[SourceDate "2014.08.29"]
[SourceVersion "1"]
[SourceVersionDate "2014.08.29"]
[SourceQuality "1"]

1. c4 c5 2. Nc3 Nf6 3. Nf3 Nc6 4. e4 d6 5. Be2 g6 6. d3 Bg7 7. Bg5 h6 8. Be3 Ng4 9. Qd2 Nxe3 10. fxe3 0-0 11. d4 Bg4 12. d5 Bxf3 13. Bxf3 Ne5 14. Be2 a6 15. 0-0 Qd7 16. Rf4 Rab8 17. a4 Qc7 18. Raf1 h5 19. Nd1 Qd7 20. b3 Bh6 21. Rh4 Bg5 22. Rh3 h4 23. Nf2 Kg7 24. Qd1 f5 25. exf5 gxf5 26. e4 fxe4 27. Nxe4 Rxf1+ 28. Bxf1 Qf5 29. Bd3 Rf8 30. Qe2 Qf4 31. Ng3 hxg3 32. Rh7+ Kg8 33. hxg3 Qd4+ 34. Kh2 Qxd3 0-1

[Event "Rheinland Pfalz op 4th"]
[Site "Altenkirchen"]
[Date "2012.06.09"]
[Round "6"]
[White "Hauer, Andreas"]
[Black "Commercon, Simon"]
[Result "0-1"]
[WhiteElo "1986"]
[BlackElo "2148"]
[PlyCount "48"]
[EventDate "2012.06.07"]
[EventType "swiss"]
[EventRounds "7"]
[EventCountry "GER"]
[SourceTitle "CBM 148 Extra"]
[Source "ChessBase"]
[SourceDate "2012.06.22"]
[SourceVersion "1"]
[SourceVersionDate "2012.06.22"]
[SourceQuality "1"]

1. e4 d5 2. exd5 Qxd5 3. Nc3 Qd6 4. d4 Nf6 5. Nf3 a6 6. g3 Bg4 7. Bg2 Nc6 8. h3 Bh5 9. Bf4 Qb4 10. Qd2 Bxf3 11. Bxf3 Nxd4 12. Bxb7 Qxb7 13. 0-0-0 Rd8 14. Kb1 e6 15. Qe3 Be7 16. Bxc7 Qxc7 17. Rxd4 Rxd4 18. Qxd4 0-0 19. Qd3 Rb8 20. Rd1 Qb6 21. Na4 Qxf2 22. Qxa6 Nd5 23. Qd3 Bf6 24. a3 Qa7 0-1

[Event "Rheinland Pfalz op 4th"]
[Site "Altenkirchen"]
[Date "2012.06.07"]
[Round "2"]
[White "Hauer, Andreas"]
[Black "Jahnel, Guenther"]
[Result "0-1"]
[WhiteElo "1986"]
[BlackElo "2284"]
[PlyCount "112"]
[EventDate "2012.06.07"]
[EventType "swiss"]
[EventRounds "7"]
[EventCountry "GER"]
[SourceTitle "CBM 148 Extra"]
[Source "ChessBase"]
[SourceDate "2012.06.22"]
[SourceVersion "1"]
[SourceVersionDate "2012.06.22"]
[SourceQuality "1"]

1. e4 d6 2. d4 Nf6 3. Nc3 g6 4. Bg5 c6 5. Qd2 b5 6. Bd3 Bg7 7. h3 Nbd7 8. Nf3 0-0 9. 0-0 Qc7 10. Rfe1 e5 11. dxe5 dxe5 12. Qe3 Re8 13. Bh6 a6 14. Bxg7 Kxg7 15. Rad1 h6 16. Ne2 c5 17. Ng3 Nf8 18. c3 Ne6 19. Bb1 Nf4 20. Qd2 Re6 21. Qd8 Qb7 22. Qd2 Qb8 23. Qe3 Bb7 24. Qxc5 Qe8 25. Rd2 Nd7 26. Qe3 Rf6 27. Red1 Nb6 28. b3 Qe7 29. Bd3 Rc8 30. Bf1 Qc7 31. Rc1 Rc6 32. Ne2 Ne6 33. g3 Nc5 34. Bg2 Rf6 35. Rcd1 Nxe4 36. Rc2 Re8 37. Nc1 Nc5 38. Nh2 Bxg2 39. Kxg2 Qc6+ 40. Kg1 h5 41. c4 bxc4 42. bxc4 e4 43. Qd4 Kh7 44. Nb3 Nbd7 45. Nxc5 Nxc5 46. Nf1 Nd3 47. Ne3 Ne5 48. Kg2 Nf3 49. Qd5 Qc8 50. Qd7 Ne1+ 51. Kf1 Nxc2 52. Nxc2 Qxc4+ 53. Ke1 Qxc2 54. Rd2 Qc1+ 55. Rd1 Qc3+ 56. Rd2 e3 0-1

[Event "Oberliga Sued W 1112"]
[Site "Germany"]
[Date "2012.02.26"]
[Round "7"]
[White "Hauer, Andreas"]
[Black "Koch, Hans Juergen"]
[Result "0-1"]
[WhiteElo "1998"]
[BlackElo "2261"]
[PlyCount "52"]
[EventDate "2011.09.25"]
[EventType "team-tourn"]
[EventRounds "9"]
[EventCountry "GER"]
[SourceTitle "EXT 2013"]
[Source "ChessBase"]
[SourceDate "2012.11.22"]
[SourceVersion "1"]
[SourceVersionDate "2012.11.22"]
[SourceQuality "1"]
[WhiteTeam "Saarbruecken Gambit"]
[BlackTeam "Koblenz"]
[WhiteTeamCountry "GER"]
[BlackTeamCountry "GER"]

1. e4 c5 2. Nf3 d6 3. d4 cxd4 4. Qxd4 a6 5. c4 e6 6. Bg5 Nf6 7. Nc3 h6 8. Bxf6 Qxf6 9. Qd3 Nd7 10. Be2 Be7 11. 0-0 0-0 12. Qe3 Bd8 13. a4 Ne5 14. Nd2 Nc6 15. Nb3 b6 16. Rad1 Bc7 17. Kh1 Bb7 18. a5 Nxa5 19. Nxa5 bxa5 20. f4 Rfd8 21. Bf3 Rab8 22. e5 dxe5 23. Rxd8+ Qxd8 24. fxe5 Qg5 25. Qe2 Qxe5 26. Qf2 Qxh2# 0-1

[Event "Oberliga Sued W 1112"]
[Site "Germany"]
[Date "2011.10.23"]
[Round "2"]
[White "Buermann, Jan"]
[Black "Hauer, Andreas"]
[Result "1/2-1/2"]
[WhiteElo "2107"]
[BlackElo "1998"]
[PlyCount "48"]
[EventDate "2011.09.25"]
[EventType "team-tourn"]
[EventRounds "9"]
[EventCountry "GER"]
[SourceTitle "EXT 2013"]
[Source "ChessBase"]
[SourceDate "2012.11.22"]
[SourceVersion "1"]
[SourceVersionDate "2012.11.22"]
[SourceQuality "1"]
[WhiteTeam "Schwarzenbach"]
[BlackTeam "Saarbruecken Gambit"]
[WhiteTeamCountry "GER"]
[BlackTeamCountry "GER"]

1. d4 d5 2. c4 e6 3. Nc3 c5 4. cxd5 exd5 5. Nf3 Nc6 6. g3 Nf6 7. Bg2 Be7 8. 0-0 0-0 9. Bg5 c4 10. Ne5 Be6 11. Nxc6 bxc6 12. b3 h6 13. Bxf6 Bxf6 14. bxc4 dxc4 15. e3 c5 16. Bxa8 Qxa8 17. f3 cxd4 18. Ne4 Be5 19. exd4 Rd8 20. dxe5 Rxd1 21. Raxd1 Qc6 22. Rf2 Qb5 23. f4 Qc6 24. Nc3 Qc5 1/2-1/2

[Event "Rheinland Pfalz op 3rd"]
[Site "Gau Algesheim"]
[Date "2011.08.01"]
[Round "5"]
[White "Hauer, Andreas"]
[Black "Bur, Marcus"]
[Result "1-0"]
[WhiteElo "1998"]
[BlackElo "1734"]
[PlyCount "91"]
[EventDate "2011.07.28"]
[EventType "swiss"]
[EventRounds "7"]
[EventCountry "GER"]
[SourceTitle "EXT 2013"]
[Source "ChessBase"]
[SourceDate "2012.11.22"]
[SourceVersion "1"]
[SourceVersionDate "2012.11.22"]
[SourceQuality "1"]

1. e4 d5 2. exd5 Qxd5 3. Nc3 Qa5 4. Bc4 e6 5. d3 c6 6. Bd2 Qc7 7. Ne4 Nd7 8. Ne2 Ngf6 9. N2g3 Be7 10. Qe2 Nxe4 11. Nxe4 Nf6 12. Bc3 Bd7 13. Nxf6+ Bxf6 14. Bxf6 gxf6 15. 0-0-0 Qf4+ 16. Kb1 0-0-0 17. Rde1 Rde8 18. g3 Qc7 19. Qf3 Qd8 20. Qe3 Qb6 21. Qf4 Qd8 22. d4 f5 23. Qd2 Qb6 24. Re3 Qc7 25. f4 Kb8 26. b4 b5 27. Be2 Rd8 28. Bf3 Qb6 29. Kb2 Be8 30. Rd3 Kc7 31. Ra1 Kd6 32. a4 Ke7 33. Qc3 Rg8 34. axb5 cxb5 35. Qc5+ Qd6 36. Rxa7+ Rd7 37. Ra6 Qxc5 38. dxc5 Rc7 39. Rb6 Rg6 40. Rb7 Rxb7 41. Bxb7 e5 42. fxe5 Re6 43. Rd5 Rh6 44. h4 Rg6 45. Rd3 h6 46. Kb3 1-0

[Event "Rheinland Pfalz op 3rd"]
[Site "Gau Algesheim"]
[Date "2011.07.31"]
[Round "7"]
[White "Hauer, Andreas"]
[Black "Foerster, Erik"]
[Result "1/2-1/2"]
[WhiteElo "1998"]
[BlackElo "1818"]
[PlyCount "82"]
[EventDate "2011.07.28"]
[EventType "swiss"]
[EventRounds "7"]
[EventCountry "GER"]
[SourceTitle "EXT 2013"]
[Source "ChessBase"]
[SourceDate "2012.11.22"]
[SourceVersion "1"]
[SourceVersionDate "2012.11.22"]
[SourceQuality "1"]

1. e4 e6 2. d4 d5 3. exd5 exd5 4. Nf3 Bd6 5. c4 Nf6 6. Nc3 Be6 7. c5 Be7 8. Bf4 a6 9. Bd3 Nc6 10. a3 Bg4 11. Be2 0-0 12. 0-0 Re8 13. h3 Bf5 14. b4 Ne4 15. Rc1 Nxc3 16. Rxc3 Bf6 17. Be3 Be4 18. Qd2 Ne7 19. Bg5 Nf5 20. Bxf6 Qxf6 21. Rd1 c6 22. Rb3 Re7 23. Rc3 Rae8 24. Bf1 Qh6 25. Qxh6 Nxh6 26. Ne5 f6 27. Ng4 Nxg4 28. hxg4 Bg6 29. f3 Kf7 30. Kf2 f5 31. gxf5 Bxf5 32. Ra1 h5 33. a4 g5 34. b5 axb5 35. axb5 g4 36. Ra7 gxf3 37. Rxf3 Kg6 38. bxc6 bxc6 39. Rxe7 Rxe7 40. g3 Kg5 41. Rb3 Re4 1/2-1/2

[Event "Oberliga Sued W 1011"]
[Site "Germany"]
[Date "2011.02.27"]
[Round "7.7"]
[White "Hauer, Andreas"]
[Black "Pernutz, Hans Gerhard"]
[Result "0-1"]
[WhiteElo "1941"]
[BlackElo "2051"]
[PlyCount "178"]
[EventDate "2010.10.10"]
[EventType "team-tourn"]
[EventRounds "9"]
[EventCountry "GER"]
[SourceTitle "EXT 2012"]
[Source "ChessBase"]
[SourceDate "2011.11.24"]
[SourceVersion "1"]
[SourceVersionDate "2011.11.24"]
[SourceQuality "1"]
[WhiteTeam "Saarbruecken Gambit"]
[BlackTeam "Saarbruecken SVG"]
[WhiteTeamCountry "GER"]
[BlackTeamCountry "GER"]

1. e4 c5 2. Nf3 Nc6 3. d4 cxd4 4. Nxd4 Nf6 5. Nc3 d6 6. f4 g6 7. Be2 Bg7 8. Be3 0-0 9. 0-0 Bd7 10. Nb3 a5 11. a4 Nb4 12. Bf3 Bc6 13. Qd2 Qc7 14. Bd4 b6 15. Kh1 Rad8 16. Qf2 Rb8 17. Rac1 e5 18. fxe5 dxe5 19. Be3 Qb7 20. Qh4 Qd7 21. Bg5 Qe6 22. Bd1 Nd7 23. Bg4 f5 24. exf5 gxf5 25. Be2 Rbc8 26. Nd2 Kh8 27. Bc4 Qg6 28. Rf2 h6 29. Be7 Rfe8 30. Bxb4 axb4 31. Nd5 Bxd5 32. Bxd5 Nf6 33. Bb3 Ng4 34. Re2 e4 35. Nc4 Bf6 36. Qg3 Qg5 37. Rf1 Rc5 38. Nd6 Re7 39. Nf7+ Rxf7 40. Bxf7 Be5 41. Qh3 Nxh2 42. Rd1 Ng4 43. Qh5 Kg7 44. Be8 Qxh5+ 45. Bxh5 Nf6 46. Bf3 exf3 47. gxf3 Nh5 48. Red2 Nf4 49. Rd7+ Kf6 50. R1d2 Ne6 51. Kg2 Bf4 52. Re2 Nc7 53. c3 bxc3 54. Rc2 Nd5 55. Kh3 Be5 56. bxc3 Ke6 57. Rh7 Bf4 58. Rg7 Rc4 59. Ra7 Rxc3 60. Rxc3 Nxc3 61. a5 bxa5 62. Rxa5 Nd5 63. Kg2 Ne7 64. Kf2 h5 65. Kg2 h4 66. Kh3 Bg3 67. Kg2 Nd5 68. Ra8 Nf4+ 69. Kh1 Ng6 70. Re8+ Kf6 71. Rb8 Ne5 72. Rg8 Nxf3 73. Kg2 Ne5 74. Rf8+ Kg5 75. Rg8+ Kf4 76. Ra8 Ng4 77. Ra4+ Kg5 78. Kf3 Be5 79. Kg2 f4 80. Kh3 Ne3 81. Ra5 Kf5 82. Kxh4 f3 83. Ra3 Ke4 84. Ra4+ Bd4 85. Kg3 Nf5+ 86. Kh2 f2 87. Rxd4+ Kxd4 88. Kg2 Ke3 89. Kf1 Nd4 0-1

[Event "Oberliga Sued W 0910"]
[Site "Germany"]
[Date "2010.04.11"]
[Round "9.7"]
[White "Krieger, Hermann"]
[Black "Hauer, Andreas"]
[Result "1/2-1/2"]
[WhiteElo "2268"]
[BlackElo "1970"]
[PlyCount "60"]
[EventDate "2009.10.18"]
[EventType "team-tourn"]
[EventRounds "9"]
[EventCountry "GER"]
[SourceTitle "EXT 2011"]
[Source "ChessBase"]
[SourceDate "2010.11.26"]
[SourceVersion "1"]
[SourceVersionDate "2010.11.26"]
[SourceQuality "1"]
[WhiteTeam "Ludwigshafen"]
[BlackTeam "Saarbruecken"]
[WhiteTeamCountry "GER"]
[BlackTeamCountry "GER"]

1. e4 c5 2. Nf3 e6 3. d4 cxd4 4. Nxd4 a6 5. Bd3 Nc6 6. Be3 Nf6 7. 0-0 Qc7 8. Nd2 Nxd4 9. Bxd4 e5 10. Be3 Bc5 11. Bg5 d6 12. Qf3 Bg4 13. Qg3 h5 14. h3 Be6 15. Bh4 Kf8 16. Nf3 Nh7 17. Ng5 Nxg5 18. Bxg5 f6 19. Qf3 Ke7 20. Bd2 g5 21. b4 g4 22. Qe2 Bd4 23. c3 Ba7 24. h4 g3 25. Be3 gxf2+ 26. Qxf2 Bxe3 27. Qxe3 Rag8 28. c4 Rg6 29. Rf2 Rhg8 30. Rd1 Ke8 1/2-1/2